000 00232nam a22000977a 4500
999 _c16272
_d16272
003 OSt
008 200629b ||||| |||| 00| 0 eng d
100 _aHanumappa Ramappa Arakeri
_94662
245 _aSoil Management in India
942 _cBK